| 000 | 01238pam a2200277 a 4500 | ||
|---|---|---|---|
| 999 |
_c529351 _d529351 |
||
| 001 | 4450611 | ||
| 005 | 20190924145211.0 | ||
| 008 | 950420s1995 enkab b 001 0 eng | ||
| 010 | _a 95009053 | ||
| 020 | _a0582244935 (U.K.) | ||
| 020 | _a0470235020 (U.S.) | ||
| 040 |
_aDLC _cDLC _dDLC |
||
| 050 | 0 | 0 |
_aQA278.2 _b.B35 1995 |
| 082 | 0 | 0 |
_a519.535 _bBAI |
| 100 | 1 |
_aBailey, Trevor C., _d1953- _920640 |
|
| 245 | 1 | 0 |
_aInteractive spatial data analysis / _cTrevor C. Bailey, Anthony C. Gatrell. |
| 260 |
_aHarlow Essex, England : _bLongman Scientific & Technical ; _aNew York, NY : _bJ. Wiley, _c1995. |
||
| 300 |
_axiv, 413 p. : _bill., maps ; _c24 cm. + _e1 computer disk (3 1/2 in.) |
||
| 504 | _aIncludes bibliographical references and index. | ||
| 538 | _aSystem requirements for accompanying computer disk: IBM PC (or compatible) with a least a 286 processor running under DOS; a hard disk and an EGA or VGA card and colour monitor. | ||
| 650 | 0 |
_aSpatial analysis (Statistics) _920641 |
|
| 700 | 1 |
_aGatrell, Anthony C. _920642 |
|
| 906 |
_a7 _bcbc _corignew _d1 _eocip _f19 _gy-gencatlg |
||
| 942 |
_2ddc _cBK |
||